<?xml version="1.0" encoding="UTF-8"?>
<record
    xmlns:xsi="http://www.w3.org/2001/XMLSchema-instance"
    xsi:schemaLocation="http://www.loc.gov/MARC21/slim http://www.loc.gov/standards/marcxml/schema/MARC21slim.xsd"
    xmlns="http://www.loc.gov/MARC21/slim">

  <leader>01909nam a2200301   4500</leader>
  <controlfield tag="001">114316</controlfield>
  <controlfield tag="003">DR-UNIBE</controlfield>
  <controlfield tag="005">20260122115035.0</controlfield>
  <controlfield tag="008">260122b2009    dr ||||| |||| 00| 0 spa d</controlfield>
  <datafield tag="020" ind1=" " ind2=" ">
    <subfield code="a">9789945427516</subfield>
  </datafield>
  <datafield tag="040" ind1=" " ind2=" ">
    <subfield code="a">BIBLIOTECA UNIBE</subfield>
    <subfield code="b">spa</subfield>
    <subfield code="c">BIBLIOTECA UNIBE</subfield>
    <subfield code="e">rda</subfield>
  </datafield>
  <datafield tag="041" ind1=" " ind2=" ">
    <subfield code="a">spa</subfield>
  </datafield>
  <datafield tag="082" ind1=" " ind2=" ">
    <subfield code="2">RD 867.44   R457v</subfield>
  </datafield>
  <datafield tag="100" ind1="1" ind2="0">
    <subfield code="a">Reyes, V&#xED;ctor Manuel, </subfield>
    <subfield code="d">1960-</subfield>
    <subfield code="9">201788</subfield>
    <subfield code="e">autor</subfield>
  </datafield>
  <datafield tag="245" ind1="1" ind2="0">
    <subfield code="a">Vivo de la risa /</subfield>
    <subfield code="c">V&#xED;ctor Reyes</subfield>
  </datafield>
  <datafield tag="250" ind1=" " ind2=" ">
    <subfield code="a">Primera edici&#xF3;n</subfield>
  </datafield>
  <datafield tag="260" ind1=" " ind2=" ">
    <subfield code="a">Santo Domingo :</subfield>
    <subfield code="b">Editora Ortega, </subfield>
    <subfield code="c">2009</subfield>
  </datafield>
  <datafield tag="300" ind1=" " ind2=" ">
    <subfield code="a">157 p&#xE1;ginas :</subfield>
    <subfield code="c">20 x 13 cm</subfield>
  </datafield>
  <datafield tag="500" ind1=" " ind2=" ">
    <subfield code="a">Informaci&#xF3;n del autor em las solapas, comentario de la misma en la contraportada</subfield>
  </datafield>
  <datafield tag="505" ind1=" " ind2=" ">
    <subfield code="a">Pr&#xF3;logo |
Palabras del autor |
Las fotos |
Reflexiones |
Curiosidades |
Las bodas |
Salpicones |
Palabrer&#xED;as |
Cosas de autos |
Pa&#xB4;que te cure |
Tv man&#xED;a |
La pelotica |
El librero |
Entrevista al se&#xF1;or Pergamino |
La librer&#xED;a de Pergamino Concepci&#xF3;n |
Las mentiras |
Dime en lo que andas y te dir&#xE9; quien eres |
Frases celebres |
Injusticias |
Epitafios en los cementerios |
Siempre que usted l&#xE1;pida |
Los feos |
Las navidades |
Cosas que pueden pasar |
Cosas que no podr&#xED;an pasar |
La pela |
Abc-dar&#xED;o |
El diccionario del abc-dar&#xED;o |
Las frutas |
Cosas de la televisi&#xF3;n |
Letreros, ujum, mejor dicho, grafitis |
Los juguetes |
Cosas que usted nunca va a ver |
Cuando chiquito yo pensaba |
Clases de idiomas |
Los pobres y los ricos </subfield>
  </datafield>
  <datafield tag="650" ind1=" " ind2="7">
    <subfield code="2">lemb</subfield>
    <subfield code="a">Humorismo dominicano</subfield>
    <subfield code="9">201800</subfield>
  </datafield>
  <datafield tag="700" ind1="1" ind2="0">
    <subfield code="a">Mart&#xED;, Luisito,</subfield>
    <subfield code="q">(Mart&#xED; Hern&#xE1;ndez Luis Bernardo ),</subfield>
    <subfield code="d">1945-2010</subfield>
    <subfield code="9">201789</subfield>
    <subfield code="e">prologuista</subfield>
  </datafield>
  <datafield tag="700" ind1="1" ind2="0">
    <subfield code="a">Honoret, Jorge Dinavit</subfield>
    <subfield code="9">201794</subfield>
    <subfield code="e">cuidado de la edici&#xF3;n</subfield>
  </datafield>
  <datafield tag="700" ind1="1" ind2="0">
    <subfield code="a">Alba, Luis</subfield>
    <subfield code="9">201795</subfield>
    <subfield code="e">idea de caricatura</subfield>
  </datafield>
  <datafield tag="700" ind1="1" ind2="0">
    <subfield code="a">Hern&#xE1;ndez, Cristian</subfield>
    <subfield code="9">56837</subfield>
    <subfield code="e">caricaturista</subfield>
  </datafield>
  <datafield tag="700" ind1="1" ind2="0">
    <subfield code="a">Santana, Amado,</subfield>
    <subfield code="q">(Santana Chalas, Amado Alexis)</subfield>
    <subfield code="9">47845</subfield>
    <subfield code="e">dise&#xF1;ador</subfield>
  </datafield>
  <datafield tag="942" ind1=" " ind2=" ">
    <subfield code="2">ddc</subfield>
    <subfield code="c">BK</subfield>
  </datafield>
  <datafield tag="999" ind1=" " ind2=" ">
    <subfield code="c">114316</subfield>
    <subfield code="d">114316</subfield>
  </datafield>
  <datafield tag="952" ind1=" " ind2=" ">
    <subfield code="0">0</subfield>
    <subfield code="1">0</subfield>
    <subfield code="2">ddc</subfield>
    <subfield code="7">0</subfield>
    <subfield code="8">GEN-RD</subfield>
    <subfield code="a">Principal</subfield>
    <subfield code="d">2025-11-12</subfield>
    <subfield code="l">0</subfield>
    <subfield code="o">RD 867.44  R457v</subfield>
    <subfield code="p">260051</subfield>
    <subfield code="r">2026-01-22 11:48:38</subfield>
    <subfield code="t">Ej. 1</subfield>
    <subfield code="w">2026-01-22</subfield>
    <subfield code="y">BK</subfield>
  </datafield>
</record>
